000 00653nam a2200181 i 4500
001 107907
003 ES-MaACL
005 20250831125236.0
007 t|
008 180111s1912 sp r ||||1| spa d
245 0 0 _aConferencia internacional radiotelegráfica de Londres
_b: relación de sus acuerdos /
_cpor J. G. R.
260 _aMadrid :
_b[s.n.],
_c1912 (
_fImpr. del "Memorial de Ingenieros del Ejército")
300 _a53 p. ;
_c27 cm.
650 4 _aTelégrafo-
_vCongresos y asambleas.
_9164030
711 2 _aConferencia Radiotelegráfica Internacional
_d(1912.
_cLondres)
_9164029
852 _aES-MaACL
_j1500-F-6
999 _c107907
_d107907